Historia social : sociologia historica /

Guardado en:
Autor Principal: Julia, Santos
Formato: Libro
Publicado: Madrid : Siglo Xxi, 1989
Materias:
Etiquetas: Agregar Etiqueta
Sin Etiquetas, Sea el primero en etiquetar este registro!
LEADER 00540nam a22001815a 4500
001 EHU.bham021113
003 AR-BHAM
005 20101215152515.0
008 130507s1989##################000#0#####d
082 9 0 |a 907 
100 1 |a Julia, Santos 
245 1 0 |a Historia social :  |b sociologia historica /  |c Santos Julia 
260 |a Madrid :  |b Siglo Xxi,  |c 1989 
300 |a 98 p. 
653 |a Centro de estudios regionales (cer) 
653 |a Historiografia 
653 |a Sociologia historica 
859 |a AR-BHAM  |b BIB. HUMANIDADES - CER  |h 907  |i J942  |p 208.97  |t Ej.1  |v CER